Brush, rubber squeezer, with handle- specification (Record no. 73541)

MARC details
000 -LEADER
fixed length control field 00376nam a2200133Ia 4500
245 #0 - TITLE STATEMENT
Title Brush, rubber squeezer, with handle- specification
260 ## - PUBLICATION, DISTRIBUTION, ETC. (IMPRINT)
Place of publication New Delhi
260 ## - PUBLICATION, DISTRIBUTION, ETC. (IMPRINT)
Year of publication 1992
Name of publisher BIS
490 ## - SERIES STATEMENT
Series statement Brushware Sectional Committtee, CHD 024
500 ## - GENERAL NOTE
General note Standard number: IS 13348
650 ## - SUBJECT ADDED ENTRY--TOPICAL TERM
Topical Term Rubber squeezer
942 ## - ADDED ENTRY ELEMENTS (KOHA)
Koha item type Standards
Holdings
Withdrawn status Lost status Damaged status Not for loan Home library Current library Date acquired Koha item type
      Standards RRII Library RRII Library 31/12/2021 Standards